| 000 | 00532nam a2200217Ia 4500 | ||
|---|---|---|---|
| 008 | 160803s9999 xx 000 0 und d | ||
| 020 | _a9780590223560 | ||
| 100 | _aGunther, John | ||
| 245 | _aDeath be not proud : | ||
| 245 | _ba memoir / | ||
| 245 | _cJohn Gunther. | ||
| 260 | _aNew York : | ||
| 260 | _bScholastic Inc. | ||
| 260 | _c1949 | ||
| 300 | _a231 pages ; | ||
| 300 | _c18 cm | ||
| 650 | _aGunther, John, -- Jr., -- 1929-1947. | ||
| 650 | _aTerminally ill -- | ||
| 650 | _xBiography. | ||
| 700 | _a1060 | ||
| 999 |
_c298788 _d298788 |
||